[Event "Beijing Sportaccord blitz (Women)"]
[Site "Beijing"]
[Date "2013.12.15"]
[Round "12"]
[White "Stefanova, Antoaneta"]
[Black "Cmilyte, Viktorija"]
[Result "0-1"]
[WhiteElo "2486"]
[BlackElo "2514"]
[PlyCount "122"]
[EventDate "2013.12.14"]
[EventType "tourn (blitz)"]
[EventRounds "30"]
[EventCountry "CHN"]
[EventCategory "12"]
[SourceTitle "CBM 157 Extra"]
[Source "ChessBase"]
[SourceDate "2013.12.19"]
[SourceVersion "1"]
[SourceVersionDate "2013.12.19"]
[SourceQuality "1"]

1. d4 Nf6 2. Bg5 d5 3. e3 c5 4. c3 Ne4 5. Bf4 e6 6. f3 Nf6 7. Nd2 Nc6 8. Bb5 Nh5 9. Be5 f6 10. Bg3 Nxg3 11. hxg3 Bd6 12. f4 Bd7 13. Bd3 Qb6 14. Rb1 0-0-0 15. Qf3 cxd4 16. exd4 Qa5 17. Ne2 e5 18. Nb3 Qc7 19. Qxd5 exf4 20. gxf4 Bxf4 21. Bf5 Bg3+ 22. Kd1 Kb8 23. Bxd7 Rxd7 24. Qf3 Bd6 25. a3 h6 26. Kc2 Re8 27. Rbd1 Rde7 28. Rd2 Re3 29. Qf2 a5 30. Kb1 a4 31. Nbc1 Na5 32. Rh3 R3e4 33. Rc2 Nc4 34. Ka2 Qb6 35. Qf5 Rxe2 36. Nxe2 Rxe2 37. Rxe2 Qb3+ 38. Ka1 Qd1+ 39. Ka2 Qxe2 40. Qb1 Bxa3 41. Rg3 Bxb2 42. Qd3 Qxd3 43. Rxd3 Bc1 44. Rg3 g5 45. Rh3 g4 46. Rh1 Bg5 47. Re1 Be3 48. Rf1 Bg5 49. Re1 Kc7 50. Re6 b5 51. Ra6 h5 52. Ra7+ Kd6 53. Rb7 Kc6 54. Rb8 h4 55. Rh8 Ne3 56. Ka3 Nc2+ 57. Kb2 Ne3 58. Ka3 Nxg2 59. Kb4 h3 60. Rc8+ Kd7 61. Rh8 Bh4 0-1

[Event "Beijing Sportaccord blitz (Women)"]
[Site "Beijing"]
[Date "2013.12.14"]
[Round "9"]
[White "Cmilyte, Viktorija"]
[Black "Muzychuk, Anna"]
[Result "0-1"]
[WhiteElo "2514"]
[BlackElo "2566"]
[PlyCount "119"]
[EventDate "2013.12.14"]
[EventType "tourn (blitz)"]
[EventRounds "30"]
[EventCountry "CHN"]
[EventCategory "12"]
[SourceTitle "CBM 157 Extra"]
[Source "ChessBase"]
[SourceDate "2013.12.19"]
[SourceVersion "1"]
[SourceVersionDate "2013.12.19"]
[SourceQuality "1"]

1. Nf3 c5 2. c4 Nc6 3. Nc3 e5 4. g3 g6 5. Bg2 Bg7 6. d3 Nge7 7. 0-0 d6 8. a3 a5 9. Ne1 Be6 10. Nc2 d5 11. cxd5 Nxd5 12. Ne3 Nde7 13. Ne4 b6 14. Ng5 Bd7 15. Bd2 0-0 16. Nc4 h6 17. Ne4 Be6 18. Rc1 Rb8 19. Nc3 Qd7 20. Kh1 f5 21. Qa4 Nd4 22. Qxd7 Bxd7 23. Nd5 Nxd5 24. Bxd5+ Kh7 25. Rce1 Rfd8 26. e3 Nb3 27. Bc3 Bb5 28. Be6 e4 29. dxe4 Bxc3 30. bxc3 Bxc4 31. Bxc4 Nd2 32. Bd5 Nxf1 33. Rxf1 b5 34. Rd1 fxe4 35. Kg2 Kg7 36. f3 exf3+ 37. Kxf3 Kf6 38. e4 b4 39. axb4 axb4 40. cxb4 cxb4 41. Rb1 Rdc8 42. Kf4 g5+ 43. Kg4 Ke5 44. Kh5 Rb6 45. h4 gxh4 46. gxh4 Rc3 47. Rb2 b3 48. Kg4 Re3 49. Kh5 Kd4 50. Kg4 Kc3 51. Rb1 Kc2 52. Rf1 b2 53. Ba2 b1Q 54. Bxb1+ Rxb1 55. Rxb1 Kxb1 56. Kf5 Kc2 57. e5 Kd3 58. e6 Kd4 59. Kf6 Kd5 60. e7 0-1

[Event "Beijing Sportaccord blitz (Women)"]
[Site "Beijing"]
[Date "2013.12.14"]
[Round "3"]
[White "Kosintseva, Tatiana"]
[Black "Cmilyte, Viktorija"]
[Result "1-0"]
[WhiteElo "2496"]
[BlackElo "2514"]
[PlyCount "115"]
[EventDate "2013.12.14"]
[EventType "tourn (blitz)"]
[EventRounds "30"]
[EventCountry "CHN"]
[EventCategory "12"]
[SourceTitle "CBM 157 Extra"]
[Source "ChessBase"]
[SourceDate "2013.12.19"]
[SourceVersion "1"]
[SourceVersionDate "2013.12.19"]
[SourceQuality "1"]

1. e4 c5 2. Nf3 d6 3. d4 Nf6 4. Nc3 cxd4 5. Nxd4 g6 6. Be3 Bg7 7. f3 0-0 8. Qd2 Nc6 9. Bc4 Bd7 10. h4 h5 11. 0-0-0 Rc8 12. Bb3 Ne5 13. Bg5 Rc5 14. Kb1 Re8 15. Bh6 Nc4 16. Bxc4 Rxc4 17. Bxg7 Kxg7 18. Nd5 e5 19. Nxf6 Qxf6 20. Ne2 Rc6 21. Nc3 Be6 22. Nd5 Bxd5 23. Qxd5 Qe6 24. Qb5 Rb6 25. Qd3 Rc8 26. Rd2 Qc4 27. b3 Qb4 28. g4 hxg4 29. h5 Qc3 30. fxg4 Qxd3 31. Rxd3 Rh8 32. Rdh3 Rc6 33. h6+ Kh7 34. g5 Rf8 35. Rf3 Rc7 36. Rf6 Rc3 37. Rg1 Rc6 38. c4 a6 39. Kb2 b5 40. cxb5 axb5 41. Rc1 Rxc1 42. Kxc1 Rc8+ 43. Kb2 Rc7 44. Rxd6 f5 45. gxf6 Kxh6 46. Re6 Kg5 47. Rxe5+ Kxf6 48. Rxb5 Re7 49. a4 g5 50. a5 Rxe4 51. a6 Re6 52. Ra5 Re8 53. b4 g4 54. b5 g3 55. Kb3 Re3+ 56. Kb4 Re4+ 57. Kc5 Re1 58. Ra2 1-0

[Event "Beijing Sportaccord rap (Women)"]
[Site "Beijing"]
[Date "2013.12.13"]
[Round "7"]
[White "Stefanova, Antoaneta"]
[Black "Cmilyte, Viktorija"]
[Result "1/2-1/2"]
[WhiteElo "2486"]
[BlackElo "2514"]
[PlyCount "105"]
[EventDate "2013.12.12"]
[EventType "swiss (rapid)"]
[EventRounds "7"]
[EventCountry "CHN"]
[SourceTitle "CBM 157 Extra"]
[Source "ChessBase"]
[SourceDate "2013.12.19"]
[SourceVersion "1"]
[SourceVersionDate "2013.12.19"]
[SourceQuality "1"]

1. d4 Nf6 2. Bg5 d5 3. e3 c5 4. dxc5 Nc6 5. Nd2 e5 6. Nb3 Bxc5 7. Nxc5 Qa5+ 8. c3 Qxc5 9. Bd3 Be6 10. Ne2 Ne4 11. Bh4 g5 12. Bg3 f5 13. b4 Qd6 14. Bxe4 fxe4 15. Nd4 h5 16. Nxc6 bxc6 17. h4 g4 18. Qd2 0-0 19. c4 Rf5 20. cxd5 Qxd5 21. Qb2 Qc4 22. Rc1 Qxa2 23. Qxa2 Bxa2 24. Rxc6 Rb8 25. 0-0 Rxb4 26. Ra1 Rb1+ 27. Rxb1 Bxb1 28. Ra6 Rf7 29. Bxe5 Bd3 30. Rg6+ Kf8 31. Rh6 Rf5 32. Bf4 a5 33. Bg5 g3 34. fxg3 Be2 35. Rf6+ Rxf6 36. Bxf6 Kf7 37. Bh8 Ke6 38. Kf2 Bg4 39. Ke1 Kd5 40. Kd2 Kc4 41. Kc2 a4 42. Kb2 Kd3 43. Bd4 Ke2 44. Ka3 Bd7 45. Kb4 Kf2 46. Ka3 Kxg3 47. Bf6 Kxg2 48. Bg5 Kf3 49. Bf4 Kg4 50. Bg5 Kf3 51. Bf4 Kg4 52. Bg5 Kf3 53. Bf4 1/2-1/2

[Event "Beijing Sportaccord rap (Women)"]
[Site "Beijing"]
[Date "2013.12.12"]
[Round "1"]
[White "Cmilyte, Viktorija"]
[Black "Kosteniuk, Alexandra"]
[Result "1/2-1/2"]
[WhiteElo "2514"]
[BlackElo "2527"]
[PlyCount "129"]
[EventDate "2013.12.12"]
[EventType "swiss (rapid)"]
[EventRounds "7"]
[EventCountry "CHN"]
[SourceTitle "CBM 157 Extra"]
[Source "ChessBase"]
[SourceDate "2013.12.19"]
[SourceVersion "1"]
[SourceVersionDate "2013.12.19"]
[SourceQuality "1"]

1. d4 Nf6 2. c4 e6 3. Nf3 d5 4. Nc3 dxc4 5. Bg5 Bb4 6. Qa4+ Nc6 7. e3 Bd7 8. Qc2 b5 9. a4 a6 10. Be2 Be7 11. 0-0 Rb8 12. axb5 axb5 13. Bxf6 Bxf6 14. Ne4 Be7 15. b3 Nb4 16. Qb2 Bc6 17. d5 exd5 18. Qxg7 Rf8 19. Rfd1 Nd3 20. Bxd3 cxd3 21. Rxd3 f5 22. Qxh7 Bf6 23. Qg6+ Ke7 24. Nxf6 Rxf6 25. Qg7+ Kd6 26. Nd4 Bd7 27. Ra6+ Rb6 28. Qg3+ Kc5 29. Rxb6 Kxb6 30. Qe5 Rd6 31. b4 Qf6 32. Qf4 Rc6 33. h4 Rc4 34. Rb3 Qg6 35. Qg5 Qd6 36. g3 Rxb4 37. Rxb4 Qxb4 38. Qd8 Qb1+ 39. Kg2 Qe4+ 40. Kh2 Qe8 41. Qf6+ Ka5 42. Nb3+ Kb4 43. Qb2 c5 44. Nc1+ Ka5 45. Nb3+ Kb4 46. Nc1+ Ka5 47. Qa3+ Kb6 48. Nb3 Qe7 49. h5 f4 50. exf4 d4 51. h6 d3 52. Qa5+ Kb7 53. Qa3 Kb6 54. Qa5+ Kb7 55. Qc3 c4 56. Na5+ Ka6 57. Nxc4 bxc4 58. Qxc4+ Bb5 59. Qd4 Qe6 60. Qa1+ Kb6 61. Qd4+ Ka6 62. Qa1+ Kb6 63. Qd4+ Ka6 64. Qa1+ Kb6 65. Qd4+ 1/2-1/2

[Event "Beijing Sportaccord rap (Women)"]
[Site "Beijing"]
[Date "2013.12.12"]
[Round "4"]
[White "Cmilyte, Viktorija"]
[Black "Sebag, Marie"]
[Result "1/2-1/2"]
[WhiteElo "2514"]
[BlackElo "2501"]
[PlyCount "72"]
[EventDate "2013.12.12"]
[EventType "swiss (rapid)"]
[EventRounds "7"]
[EventCountry "CHN"]
[SourceTitle "CBM 157 Extra"]
[Source "ChessBase"]
[SourceDate "2013.12.19"]
[SourceVersion "1"]
[SourceVersionDate "2013.12.19"]
[SourceQuality "1"]

1. d4 d5 2. c4 c6 3. Nf3 Nf6 4. Nc3 e6 5. Bg5 h6 6. Bxf6 Qxf6 7. e3 g6 8. Bd3 Bg7 9. 0-0 0-0 10. Ne5 dxc4 11. Bxc4 c5 12. f4 cxd4 13. Qxd4 Nc6 14. Nxc6 bxc6 15. Qxf6 Bxf6 16. Rac1 c5 17. Na4 g5 18. Nxc5 Bxb2 19. Rb1 Ba3 20. Nd3 Bd6 21. Ne5 Rb8 22. Rxb8 Bxb8 23. Nc6 Bd7 24. Nxb8 Rxb8 25. Bb3 a5 26. Rd1 a4 27. Rxd7 axb3 28. axb3 Rxb3 29. Kf2 Kg7 30. Kf3 Kg6 31. g4 Rb2 32. h3 Rh2 33. Kg3 Re2 34. Kf3 Rh2 35. Kg3 Re2 36. Kf3 Rh2 1/2-1/2

[Event "Beijing Sportaccord rap (Women)"]
[Site "Beijing"]
[Date "2013.12.12"]
[Round "3"]
[White "Lagno, Kateryna"]
[Black "Cmilyte, Viktorija"]
[Result "1/2-1/2"]
[WhiteElo "2543"]
[BlackElo "2514"]
[PlyCount "80"]
[EventDate "2013.12.12"]
[EventType "swiss (rapid)"]
[EventRounds "7"]
[EventCountry "CHN"]
[SourceTitle "CBM 157 Extra"]
[Source "ChessBase"]
[SourceDate "2013.12.19"]
[SourceVersion "1"]
[SourceVersionDate "2013.12.19"]
[SourceQuality "1"]

1. Nf3 g6 2. e4 d6 3. d4 Nf6 4. Bd3 Bg7 5. c3 0-0 6. 0-0 c5 7. h3 Qc7 8. Re1 e5 9. dxe5 dxe5 10. Na3 Nc6 11. Nb5 Qe7 12. a4 h6 13. Bc4 Na5 14. Ba2 Rd8 15. Qe2 a6 16. Na3 Be6 17. Bxe6 Qxe6 18. Nd2 Nh5 19. Qg4 Qc6 20. Nac4 Nxc4 21. Nxc4 b5 22. axb5 axb5 23. Rxa8 Rxa8 24. Na3 b4 25. Nc4 Ra1 26. Qe2 bxc3 27. bxc3 Qa6 28. Qf1 Nf4 29. Bd2 Rxe1 30. Bxe1 Qa1 31. f3 h5 32. Bd2 Qa2 33. h4 Qc2 34. Qf2 Qd1+ 35. Kh2 Nd3 36. Qe3 Qf1 37. Qg1 Qe2 38. Qe3 Qf1 39. Qg1 Qe2 40. Qe3 Qf1 1/2-1/2